000
00284nam a22001217a 4500
082
_a
510
_b
BAN/C
100
_a
R.K.BANSAL
245
_a
CONCISE MATHEMATICS PART 2
_b
CLASS X
260
_a
DELHI
_b
SELINA PUBLISHERS
_c
2011
300
_a
503
650
_a
MATHS FOR CLASS X
_z
INDIA
942
_c
BK
999
_c
754
_d
754